000 00739cab a2200253 4500
001 ABS45993
008 090401t1992 xxu||||| |||| 00| 0 eng d
035 _a(Sirsi) u56232
041 _aeng
100 _aGoodchild, R B.
245 _aIssues for the 1990s
260 _c1992
350 _a0
490 _aEstates Gazette
_v(9208) 29 February 1992, 85-86(2)
520 _aSuggests that valuations should consider rental growth as most investment property is purchased on the expectation of growth.
650 _aCITICAPE HOUSE
650 _aOVER-RENTED PROPERTY
650 _aRENTAL GROWTH
650 _aTOP-SLICING
650 _aVALUATION METHODS
690 _aRATING AND VALUATION
942 _n0
948 _c04/03/1997
999 _c34293
_d34293